International Conference on Dance Research = Encuentro internacional sobre investigación de la danza (Record no. 32197)
[ view plain ]
| 000 -LEADER | |
|---|---|
| fixed length control field | 00867nam a22002177a 4500 |
| 005 - DATE AND TIME OF LATEST TRANSACTION | |
| control field | 20150124123637.0 |
| 008 - FIXED-LENGTH DATA ELEMENTS--GENERAL INFORMATION | |
| fixed length control field | 120801t mx||||| |||| 00| 0 spa d |
| 020 ## - INTERNATIONAL STANDARD BOOK NUMBER | |
| International Standard Book Number | 9682916410 |
| 050 04 - LIBRARY OF CONGRESS CALL NUMBER | |
| Classification number | GV1583 |
| Item number | E53 1987 |
| 111 2# - MAIN ENTRY--MEETING NAME | |
| Meeting name or jurisdiction name as entry element | Encuentro nacional sobre investigación de la danza, |
| Location of meeting | México, D. F. |
| Date of meeting | (Del 6 al 8 de Diciembre de 1985) |
| 245 10 - TITLE STATEMENT | |
| Title | International Conference on Dance Research = Encuentro internacional sobre investigación de la danza |
| Statement of responsibility, etc | / Coordinadora Margarita Tortajada Quiroz |
| 250 ## - EDITION STATEMENT | |
| Edition statement | 1a ed. |
| 260 ## - PUBLICATION, DISTRIBUTION, ETC. (IMPRINT) | |
| Place of publication, distribution, etc | México : |
| Name of publisher, distributor, etc | Instituto Nacional de Bellas Artes, |
| Date of publication, distribution, etc | 1987 |
| 300 ## - PHYSICAL DESCRIPTION | |
| Extent | 173 p. ; |
| Dimensions | 23 cm. |
| 504 ## - BIBLIOGRAPHY, ETC. NOTE | |
| Bibliography, etc | Incluye bibliografía |
| 505 1# - FORMATTED CONTENTS NOTE | |
| Formatted contents note | Contenido : V. 1 Versión en español |
| 650 #4 - SUBJECT ADDED ENTRY--TOPICAL TERM | |
| Topical term or geographic name as entry element | Danza |
| Form subdivision | Congresos |
| 700 1# - ADDED ENTRY--PERSONAL NAME | |
| Personal name | Tortajada Quiroz, Margarita, |
| Relator term | coord. |
| 711 ## - ADDED ENTRY--MEETING NAME | |
| Meeting name or jurisdiction name as entry element | México |
| Subordinate unit | Instituto Nacional de Bellas Artes |
| 942 ## - ADDED ENTRY ELEMENTS (KOHA) | |
| Source of classification or shelving scheme | Biblioteca del Cogreso de los Estados Unidos |
| Koha item type | Libro |
| Estado de pérdida | Fuente de clasificación | Estado del daño | No para préstamo | Ubicación permanente | Ubicación actual | Apartado o colección | Fecha de adquisición | Clasificación | Código de Barras | Date last seen | Número de copia | Tipo de recurso |
|---|---|---|---|---|---|---|---|---|---|---|---|---|
| Biblioteca del Cogreso de los Estados Unidos | Biblioteca de la Facultad de Bellas Artes | Biblioteca de la Facultad de Bellas Artes | General | 01/08/2012 | GV1583 E53 1987 | BBA000001224 | 16/01/2015 | 1 | Libro |